<?xml version="1.0" encoding="UTF-8"?>
<record
    xmlns:xsi="http://www.w3.org/2001/XMLSchema-instance"
    xsi:schemaLocation="http://www.loc.gov/MARC21/slim http://www.loc.gov/standards/marcxml/schema/MARC21slim.xsd"
    xmlns="http://www.loc.gov/MARC21/slim">

  <leader>03223nam a22003495i 4500</leader>
  <datafield tag="999" ind1=" " ind2=" ">
    <subfield code="c">6323</subfield>
    <subfield code="d">6323</subfield>
  </datafield>
  <controlfield tag="003">EG-ScBUE</controlfield>
  <controlfield tag="005">20201101102441.0</controlfield>
  <controlfield tag="008">200219t20062006nju    f  b   000 0 eng d</controlfield>
  <datafield tag="020" ind1=" " ind2=" ">
    <subfield code="a">0130485462</subfield>
  </datafield>
  <datafield tag="020" ind1=" " ind2=" ">
    <subfield code="a">9780130485465</subfield>
  </datafield>
  <datafield tag="035" ind1=" " ind2=" ">
    <subfield code="a">(OCoLC)ocm56482248</subfield>
  </datafield>
  <datafield tag="040" ind1=" " ind2=" ">
    <subfield code="a">EG-ScBUE</subfield>
    <subfield code="b">eng</subfield>
    <subfield code="e">rda</subfield>
    <subfield code="c">EG-ScBUE</subfield>
    <subfield code="d">EG-ScBUE</subfield>
  </datafield>
  <datafield tag="082" ind1="0" ind2="4">
    <subfield code="a">810.80928708</subfield>
    <subfield code="b">LEE</subfield>
    <subfield code="2">22</subfield>
  </datafield>
  <datafield tag="245" ind1="0" ind2="4">
    <subfield code="a">The Prentice Hall anthology of African American women's literature /</subfield>
    <subfield code="c">Valerie Lee, editor, The Ohio State University.</subfield>
  </datafield>
  <datafield tag="246" ind1="3" ind2=" ">
    <subfield code="a">African American women's literature</subfield>
  </datafield>
  <datafield tag="264" ind1=" " ind2="1">
    <subfield code="a">Upper Saddle River, N.J. : </subfield>
    <subfield code="b">Pearson Prentice Hall,</subfield>
    <subfield code="c">[2006]</subfield>
  </datafield>
  <datafield tag="264" ind1=" " ind2="4">
    <subfield code="c">c2006</subfield>
  </datafield>
  <datafield tag="300" ind1=" " ind2=" ">
    <subfield code="a">xxx, 426 pages :</subfield>
    <subfield code="b">map ;</subfield>
    <subfield code="c">26 cm</subfield>
  </datafield>
  <datafield tag="336" ind1=" " ind2=" ">
    <subfield code="a">text</subfield>
    <subfield code="b">txt</subfield>
    <subfield code="2">rdacontent</subfield>
  </datafield>
  <datafield tag="337" ind1=" " ind2=" ">
    <subfield code="a">unmediated</subfield>
    <subfield code="b">n</subfield>
    <subfield code="2">rdamedia</subfield>
  </datafield>
  <datafield tag="338" ind1=" " ind2=" ">
    <subfield code="a">volume</subfield>
    <subfield code="b">nc</subfield>
    <subfield code="2">rdacarrier</subfield>
  </datafield>
  <datafield tag="504" ind1=" " ind2=" ">
    <subfield code="a">Includes bibliographical references.</subfield>
  </datafield>
  <datafield tag="505" ind1="2" ind2=" ">
    <subfield code="a">The colonial and antebellum periods. Lucy Terry Prince -- Phillis Wheatley -- Jarena Lee -- Sojourner Truth -- Nancy Gardner Prince -- Maria W. Stewart -- Harriet Jacobs -- Julia A. Foote -- Frances E.W. Harper -- Harriet E. Wilson -- Hannah Crafts -- The reconstruction period. Elizabeth Keckley -- Charlotte L. Forten Grimke&#xCC;? -- Gertrude Bustill Mossell -- Anna Julia Cooper -- Pauline E. Hopkins -- Ida B. Wells-Barnett -- Expansion, experimentation, and excellence: 20th- and 21st-century African American women's writings. The Harlem renaissance. Alice Moore Dunbar-Nelson -- Angelina Weld Grimke&#xCC;? -- Anne Spencer -- Jessie Redmon Fauset -- Mary Effie Lee Newsome -- Georgia Douglas Johnson -- Zora Neale Hurston -- Nella Larsen -- Marita Bonner -- Gwendolyn B. Bennett -- Helene Johnson -- The 1940s-1959. Dorothy West -- Ann Petry -- Margaret Walker -- Gwendolyn Brooks -- Lorraine Hansberry -- Literature of the Black aesthetic movement: the 1960s and 1970s. Alice Childress -- Naomi Long Madgett -- Maya Angelou -- Paule Marshall -- Kristin Hunter -- Sonia Sanchez -- June Jordan -- Nikki Giovanni -- Carolyn M. Rodgers -- Literature of the second renaissance: the 1970s and 1980s. Toni Morrison -- Adrienne Kennedy -- Audre Lorde -- Lucille Clifton -- Jayne Cortez -- Toni Cade Bambara -- J. California Cooper -- BarbaraNeely -- Alice Walker -- Pat Parker -- Sherley Anne Williams -- Marilyn Nelson Waniek -- Michelle Cliff -- Octavia Butler -- Ntozake Shange -- Jewelle Gomez -- Alexis De Veaux -- Gloria Naylor -- Marita Golden -- Rita Dove -- Jewell Parker Rhodes -- Literature from the new millennium: the 1990s to the 21st century. Tina McElroy Ansa -- Bebe Moore Campbell -- Terry McMillan -- Julie Dash -- Harryette Mullen -- Itabari Njeri -- Thylias Moss -- Jessica Care Moore -- Pearl Cleage -- Tayari Jones -- Black feminist criticism and womanist theories. Barbara Christian -- Karla Holloway -- Audre Lorde -- Deborah McDowell -- Carla Peterson.</subfield>
  </datafield>
  <datafield tag="650" ind1=" " ind2="7">
    <subfield code="a">American literature</subfield>
    <subfield code="x">African American authors.</subfield>
    <subfield code="2">BUEsh</subfield>
  </datafield>
  <datafield tag="650" ind1=" " ind2="7">
    <subfield code="a">African American women</subfield>
    <subfield code="v">Literary collections.</subfield>
    <subfield code="2">BUEsh</subfield>
  </datafield>
  <datafield tag="650" ind1=" " ind2="7">
    <subfield code="a">African Americans</subfield>
    <subfield code="v">Literary collections.</subfield>
    <subfield code="2">BUEsh</subfield>
  </datafield>
  <datafield tag="650" ind1=" " ind2="7">
    <subfield code="a">American literature</subfield>
    <subfield code="x">Women authors.</subfield>
    <subfield code="2">BUEsh</subfield>
  </datafield>
  <datafield tag="651" ind1=" " ind2=" ">
    <subfield code="2">BUEsh</subfield>
  </datafield>
  <datafield tag="653" ind1=" " ind2=" ">
    <subfield code="b">HHUUEENN</subfield>
    <subfield code="c">November2020</subfield>
  </datafield>
  <datafield tag="700" ind1="1" ind2=" ">
    <subfield code="a">Lee, Valerie,</subfield>
    <subfield code="d">1950-</subfield>
    <subfield code="e">editor.</subfield>
  </datafield>
  <datafield tag="942" ind1=" " ind2=" ">
    <subfield code="c">BB</subfield>
    <subfield code="2">ddc</subfield>
  </datafield>
  <datafield tag="952" ind1=" " ind2=" ">
    <subfield code="0">0</subfield>
    <subfield code="1">0</subfield>
    <subfield code="2">ddc</subfield>
    <subfield code="4">0</subfield>
    <subfield code="7">0</subfield>
    <subfield code="8">Alahram</subfield>
    <subfield code="a">MAIN</subfield>
    <subfield code="b">MAIN</subfield>
    <subfield code="c">2ND</subfield>
    <subfield code="d">2007-11-21</subfield>
    <subfield code="e">Purchase</subfield>
    <subfield code="l">0</subfield>
    <subfield code="o">810.80928708 LEE</subfield>
    <subfield code="p">000007819</subfield>
    <subfield code="r">2025-07-15 00:00:00</subfield>
    <subfield code="w">2007-11-21</subfield>
    <subfield code="y">BB</subfield>
  </datafield>
</record>
